000
00211 a2200097 4500
001
26005
100
_a
Courant R
245
_a
Supersonic flow and shock waves
260
_a
_b
Springer
_c
090
_c
17600
_d
17600
942
_a
NUST-CAE
_c
M
_c
8448
999
_c
261078
_d
261078